| 000 | 00826nam a2200193Ii 4500 | ||
|---|---|---|---|
| 003 | JO-AjNU | ||
| 008 | 230605s9999||||xx |||||||||||||| ||und|| | ||
| 040 |
_aJO-AjNU _bara _erda _cJO-AjNU |
||
| 041 | _aara | ||
| 050 | 1 | 4 | _aBL241.M65 |
| 100 | 3 |
_aنخبة من العلماء الامريكين؛ تحرير كلوفرمونسيما ،جون؛ ترجمة سرحان،الدمرداش عبد المجيد؛ مراجعة وتعليق الفندي،محمد جمال الدين, _eauthor _939277 |
|
| 245 | 0 | 0 | _aالله يتجلى في عصر العلم |
| 264 | 3 | 1 | _aبيروت:دار القلم ،د.ت |
| 300 | _a176ص | ||
| 336 |
_atext _btxt _2rdacontent |
||
| 337 |
_aunmediated _bn _2rdamedia |
||
| 338 |
_avolume _bnc _2rdacarrier |
||
| 650 | 4 |
_aالوجودية-الوجود-فلسفة-الله جل جلاله _939278 |
|
| 999 |
_aA16575 _c20143 _d20143 |
||